000 00195nam a2200085Ia 4500
008 120527s9999 xx 000 0 und d
100 _aMiller, Henry
245 _aThe Rosy crucifixion
942 _cBK
999 _c27642
_d27642